Podnikateľské stratégie v malých a stredných podnikoch bakalárska práca

Enregistré dans:
Détails bibliographiques
Auteur principal: Nociar, Martin
Collectivité auteur: Fakulta podnikového manažmentu EU. Katedra manažmentu
Autres auteurs: Zagoršek, Branislav, 1984-
Format: Livre
Langue:slovaque
Publié: Bratislava 2013
Tags: Ajouter un tag
Pas de tags, Soyez le premier à ajouter un tag!

MARC

LEADER 00000nbm a2200000 4500
001 0172851
005 20161109112120.8
041 0 |a slo 
044 |a SK 
245 1 0 |a Podnikateľské stratégie v malých a stredných podnikoch  |b bakalárska práca  |c Martin Nociar ; školiteľ: Branislav Zagoršek 
264 1 |a Bratislava  |c 2013 
300 |a 39 s. 
100 1 |a Nociar, Martin 
700 1 |a Zagoršek, Branislav, 1984- 
710 2 |a Fakulta podnikového manažmentu EU. Katedra manažmentu